| 000 | 00632nam a2200205Ia 4500 | ||
|---|---|---|---|
| 008 | 101110s9999 xx 000 0 und d | ||
| 041 | _aENGLISH | ||
| 082 | _bSR22885 | ||
| 100 | _aKishnadwalla V.H. | ||
| 245 | _aAccountancy and Financial Management - I F.Y.B.Com. Rev.Syllabus | ||
| 365 | _b125 | ||
| 520 | _aCommerce | ||
| 520 | _aReplaced copy by Mr.C.P. Khandekar | ||
| 546 | _aENGLISH | ||
| 630 | _aAccountancy and Financial Management - I F.Y.B.Com. Rev.Syllabus | ||
| 650 | _aCommerce | ||
| 655 | _aCommerce | ||
| 730 | _aAccountancy and Financial Management - I F.Y.B.Com. Rev.Syllabus | ||
| 942 | _cBOOK | ||
| 999 |
_c815615 _d815612 |
||